001028531 001__ 1028531 001028531 005__ 20260304135737.0 001028531 0247_ $$2ISSN$$a1749-9518 001028531 0247_ $$2ISSN$$a1749-9526 001028531 0247_ $$2SCOPUS$$aSCOPUS:2-s2.0-105029306146 001028531 0247_ $$2WOS$$aWOS:001673423600001 001028531 0247_ $$2datacite_doi$$a10.18154/RWTH-2026-01691 001028531 0247_ $$2doi$$a10.1080/17499518.2026.2616779 001028531 037__ $$aRWTH-2026-01691 001028531 041__ $$aEnglish 001028531 082__ $$a550 001028531 1001_ $$0P:(DE-82)IDM05069$$aEdrich, Ann-Kathrin Margarete$$b0$$urwth 001028531 245__ $$aHow to enrich training data for machine learning-based landslide hazard prediction with spatio-temporal precipitation information?$$honline 001028531 260__ $$aAbingdon$$bTaylor and Francis$$c2026 001028531 3367_ $$00$$2EndNote$$aJournal Article 001028531 3367_ $$0PUB:(DE-HGF)16$$2PUB:(DE-HGF)$$aJournal Article$$bjournal$$mjournal 001028531 3367_ $$2BibTeX$$aARTICLE 001028531 3367_ $$2DRIVER$$aarticle 001028531 3367_ $$2DataCite$$aOutput Types/Journal article 001028531 3367_ $$2ORCID$$aJOURNAL_ARTICLE 001028531 500__ $$aReceived 05 Jun 2025, Accepted 07 Jan 2026, Published online: 28 Jan 2026 001028531 588__ $$aDataset connected to , , , CrossRef, Journals: publications.rwth-aachen.de 001028531 591__ $$aGermany 001028531 7001_ $$0P:(DE-82)IDM05056$$aYildiz, Anil$$b1$$eCorresponding author$$urwth 001028531 7001_ $$00000-0003-0094-6210$$aRoscher, Ribana$$b2 001028531 7001_ $$0P:(DE-82)IDM00455$$aKowalski, Julia$$b3$$urwth 001028531 773__ $$0PERI:(DE-600)2276936-5$$a10.1080/17499518.2026.2616779$$p[1]-28$$tGeorisk : assessment and management of risk for engineered systems and geohazards$$x1749-9526$$y2026 001028531 8564_ $$uhttps://publications.rwth-aachen.de/record/1028531/files/1028531.pdf$$yOpenAccess 001028531 909CO $$ooai:publications.rwth-aachen.de:1028531$$popenaire$$popen_access$$pdriver$$pdnbdelivery$$pVDB 001028531 9101_ $$0I:(DE-588b)36225-6$$6P:(DE-82)IDM05069$$aRWTH Aachen$$b0$$kRWTH 001028531 9101_ $$0I:(DE-588b)36225-6$$6P:(DE-82)IDM05056$$aRWTH Aachen$$b1$$kRWTH 001028531 9101_ $$0I:(DE-588b)36225-6$$6P:(DE-82)IDM00455$$aRWTH Aachen$$b3$$kRWTH 001028531 9141_ $$y2026 001028531 9151_ $$0StatID:(DE-HGF)0031$$2StatID$$aPeer reviewed article$$x0 001028531 915__ $$0LIC:(DE-HGF)CCBY4$$2HGFVOC$$aCreative Commons Attribution CC BY 4.0 001028531 915__ $$0StatID:(DE-HGF)0113$$2StatID$$aWoS$$bScience Citation Index Expanded$$d2024-12-21 001028531 915__ $$0StatID:(DE-HGF)0150$$2StatID$$aDBCoverage$$bWeb of Science Core Collection$$d2024-12-21 001028531 915__ $$0StatID:(DE-HGF)0160$$2StatID$$aDBCoverage$$bEssential Science Indicators$$d2024-12-21 001028531 915__ $$0StatID:(DE-HGF)0199$$2StatID$$aDBCoverage$$bClarivate Analytics Master Journal List$$d2024-12-21 001028531 915__ $$0StatID:(DE-HGF)0200$$2StatID$$aDBCoverage$$bSCOPUS$$d2024-12-21 001028531 915__ $$0StatID:(DE-HGF)0510$$2StatID$$aOpenAccess 001028531 915__ $$0StatID:(DE-HGF)1150$$2StatID$$aDBCoverage$$bCurrent Contents - Physical, Chemical and Earth Sciences$$d2024-12-21 001028531 915__ $$0StatID:(DE-HGF)1160$$2StatID$$aDBCoverage$$bCurrent Contents - Engineering, Computing and Technology$$d2024-12-21 001028531 9201_ $$0I:(DE-82)422410_20210811$$k422410$$lLehrstuhl für Methoden der Modellbasierten Entwicklung in den Computergestützten Ingenieurwissenschaften$$x0 001028531 961__ $$c2026-02-11T08:50:45.708510$$x2026-02-11T08:50:45.708510$$z2026-02-11T08:50:45.708510 001028531 9801_ $$aFullTexts 001028531 980__ $$aI:(DE-82)422410_20210811 001028531 980__ $$aUNRESTRICTED 001028531 980__ $$aVDB 001028531 980__ $$ajournal